00272 a2200109 450000500170000002000220001708200150003910000150005424500300006926000470009930000160014620250629143837.0 a978-0-263-25545-4 a823.92 DIC aDICKSON,H. aCaught in Scandal's Storm aHarlequin,bHarlequin (UK) Limited,c2015. a384p.c22cm